000
00239nam a2200109Ia 4500
008
200302s9999 xx 000 0 und d
100
_a
Tadao Ando
245
_a
Inside Japan 3
260
_b
Nobuyuki Endo
260
_c
2008
300
_a
480 P.,
999
_c
2651
_d
2651